Apocalypse show : (Registro nro. 132698)

Detalles MARC
000 -LEADER
fixed length control field 00746cam a2200217 4500
008 - FIXED-LENGTH DATA ELEMENTS--GENERAL INFORMATION
fixed length control field 2001sp b 000 0 spa u
020 ## - INTERNATIONAL STANDARD BOOK NUMBER
International Standard Book Number 8470309242
100 1# - MAIN ENTRY--PERSONAL NAME
Personal name Rodríguez Ferrándiz, Raúl
245 10 - TITLE STATEMENT
Title Apocalypse show :
Remainder of title intelectuales, televisión y fin de milenio /
Statement of responsibility, etc Raúl Rodríguez Ferrándiz ; prólogo de Enrique Bustamante.
260 ## - PUBLICATION, DISTRIBUTION, ETC. (IMPRINT)
Place of publication, distribution, etc Madrid, España :
Name of publisher, distributor, etc Biblioteca Nueva :
-- Universidad de Alicante,
Date of publication, distribution, etc 2001.
300 ## - PHYSICAL DESCRIPTION
Extent 366 p. ;
Dimensions 21 cm.
440 #0 - SERIES STATEMENT/ADDED ENTRY--TITLE
Title Ensayos
504 ## - BIBLIOGRAPHY, ETC. NOTE
Bibliography, etc Bibliografía: p. 355-366
504 ## - BIBLIOGRAPHY, ETC. NOTE
Bibliography, etc Incluye bibliografías
650 #4 - SUBJECT ADDED ENTRY--TOPICAL TERM
Topical term or geographic name as entry element Semantica (Filosofía)
650 #4 - SUBJECT ADDED ENTRY--TOPICAL TERM
Topical term or geographic name as entry element Televisión
700 1# - ADDED ENTRY--PERSONAL NAME
Personal name Bustamante, Enrique, pról.
942 ## - ADDED ENTRY ELEMENTS (KOHA)
Source of classification or shelving scheme Biblioteca del Cogreso de los Estados Unidos
Koha item type Libro
Existencias
Estado de pérdida Fuente de clasificación Estado del daño No para préstamo Ubicación permanente Ubicación actual Apartado o colección Fecha de adquisición Edición Área del conocimiento Clasificación Código de Barras Date last seen Número de copia Tipo de recurso
  Biblioteca del Cogreso de los Estados Unidos     Biblioteca de la Facultad de Filosofía Biblioteca de la Facultad de Filosofía General 11/05/2017 1a. ed. Educación y Humanidades P325 R63 2001 BFF000026376 11/05/2017 C:1 Libro